Normal view
MARC view
Entry Personal Name
001 - CONTROL NUMBER
- control field: 1236408
003 - CONTROL NUMBER IDENTIFIER
- control field: OSt
005 - DATE AND TIME OF LATEST TRANSACTION
- control field: 20260430150101.0
008 - FIXED-LENGTH DATA ELEMENTS
- fixed length control field: 260430|| aca||aabn | a|a d
040 ## - CATALOGING SOURCE
- Original cataloging agency: OSt
- Transcribing agency: OSt
100 ## - HEADING--PERSONAL NAME
- Personal name: Saini Rutika Au.; Dangi Hamendra Kumar Gu
670 ## - SOURCE DATA FOUND
- Source citation: Work cat.: (OSt)1848906: Saini Rutika Au.; Dangi Hamendra Kumar Gu., Measurement of effectiveness of social media marketing: A study, 2022
